New icon: Savarkar and the facts (Record no. 395284)

MARC details
000 -LEADER
fixed length control field 00529 a2200193 4500
005 - DATE & TIME
control field 20260421110333.0
008 - FIXED-LENGTH DATA ELEMENTS--GENERAL INFORMATION
fixed length control field 260421b |||||||| |||| 00| 0 eng d
020 ## - ISBN
International Standard Book Number 9780143474333
Price Rs. 999.00
040 ## - CATALOGING SOURCE
Original cataloging agency VIVEKANANDA LIBRARY
082 ## - DDC NUMBER
Classification number 320.54092
Book Number S82N
100 ## - MAIN ENTRY--PERSONAL NAME
Personal name Shourie, Arun
245 ## - TITLE STATEMENT
Title New icon: Savarkar and the facts
260 ## - PUBLICATION, DISTRIBUTION, ETC. (IMPRINT)
Name of publisher, distributor, etc Penguin Random House India
Place of publication, distribution, etc Gurugram
Date of publication, distribution, etc 2025
300 ## - PHYSICAL DESCRIPTION
Pages xviii, 543
650 ## - Subject
Subject Political Science
650 ## - Subject
Subject Indian Political Ideology
650 ## - Subject
Subject Political Thought
942 ## - ADDED ENTRY ELEMENTS (KOHA)
Koha item type Books
Holdings
Withdrawn status Lost status Source of classification or shelving scheme Damaged status Not for loan Location (home branch) Sublocation or collection (holding branch) Shelving location Date acquired Koha issues (times borrowed) Koha full call number Accession No. Koha date last seen Koha item type
    Dewey Decimal Classification     VIVEKANANDA LIBRARY VIVEKANANDA LIBRARY Vivekananda Library 28/01/2026   320.54092 S82N 444855 28/01/2026 Books
© Designed and Maintained by Vivekananda Library, MDU Rohtak